Normal view
MARC view
Entry Topical Term
001 - CONTROL NUMBER
- control field: 27918
003 - CONTROL NUMBER IDENTIFIER
- control field: OSt
005 - DATE AND TIME OF LATEST TRANSACTION
- control field: 20230713142535.0
008 - FIXED-LENGTH DATA ELEMENTS
- fixed length control field: 230713|| aca||aabn | a|a d
040 ## - CATALOGING SOURCE
- Original cataloging agency: OSt
- Transcribing agency: OSt
150 ## - HEADING--TOPICAL TERM
- Topical term or geographic name entry element: နိုင်ငံတော်ငြိမ်ဝပ်ပိပြားမှုတည်ဆောက်ရေးအဖွဲ့။
670 ## - SOURCE DATA FOUND
- Source citation: Work cat.: (OSt): ဗိုလ်ချုပ်မှူးကြီးစောမောင်ပြောကြားသည့် မိန့်ခွန်း /, ၁၉၉၀။